000 01552nam0a2200349 4500
001 RU\NLR\bibl\1069663
005 20260405125701.0
010 _a978-5-89349-953-7
_bФлинта
010 _a978-5-02-034696-3
_bНаука
_92000
021 _aRU
_b2007-12513
_9664
035 _a(NLR Aleph) 001056896
090 _a913893
_c913893
100 _a20070406d2007 |||y0rusy50 ca
101 0 _aeng
_arus
_eeng
102 _aRU
105 _ay |||||||||
200 1 _aОбучение чтению и переводу (английский язык)
_dDevelop your reading skills: comprehention and translation practice
_eучебное пособие
_fО.В. Сиполс
210 _aМосква
_cФлинта
_cНаука
_d2007
215 _a372 с.
_d21
300 _aНа оброте тит. л. авт.: Сиполс О.В. - доц.
320 _aБиблиогр.: с. 370-372
510 1 _6z12790
_aDevelop your reading skills: comprehention and translation practice
_zeng
606 1 _aАнглийский язык
_jУчебные издания для высших учебных заведений
_9972309
_3RU\NLR\auth\6646032
686 _aШ143.21-93рус3
700 1 _4070
_8rus
_7ca
_aСиполс
_bО. В.
_gОльга Вильновна
_3RU\NLR\auth\7750958
_933892
790 1 _4070
_8rus
_7ba
_aSipols
_bO. V.
_gOl'ga Vil'novna
_3RU\NLR\auth\7750959
_933893
801 0 _aRU
_bNLR
_c20070406
_gRCR
801 1 _aRU
_bNLR
_c20070406
830 _aАвт. раскрыт по кн7
942 _cBOOK
980 _aNB